000 00433 a2200145 4500
003 OSt
005 20260310132250.0
008 260310b |||||||| |||| 00| 0 eng d
040 _coclc
082 _a894.8124
_bTHI/I
245 _aIndia iruttilekku /
_cEditor T R Thiruvazhamkunnu
260 _aCalicut:
_bIringal Krishnan,
_c2014.
300 _a79 pages
942 _2ddc
_cBK
_h894.8124
_iTHI/I
_k894.8124
_mTHI/I
999 _c44712
_d44712